| 000 | 00425 a2200157 4500 | ||
|---|---|---|---|
| 003 | Nust | ||
| 005 | 20170207171606.0 | ||
| 020 | _a0-201-06561-4 ; | ||
| 040 | _cNust | ||
| 082 | _a512 | ||
| 100 | 1 | _aRosen, Kenneth H | |
| 245 | 0 | 0 |
_aElementary number theory and its applications (E-BOOK) _cKenneth H. Rosen |
| 260 |
_aReading, Mass. : _bAddison-Wesley Pub. Co., _c1984 |
||
| 300 |
_a452 s. : _btab. |
||
| 650 | 0 | _aNumbers, Theory of | |
| 942 |
_2ddc _cBK |
||
| 999 |
_c217598 _d217598 |
||